Library Banner

Urban remote sensing / (Record no. 118339)

MARC details
000 -LEADER
fixed length control field 00802cam a22002658i 4500
001 - CONTROL NUMBER
control field 20043680
005 - DATE AND TIME OF LATEST TRANSACTION
control field 20200831180032.0
008 - FIXED-LENGTH DATA ELEMENTS--GENERAL INFORMATION
fixed length control field 171002s2018 flu 001 0 eng
020 ## - INTERNATIONAL STANDARD BOOK NUMBER
International Standard Book Number 9781138054608 (hardback : alk. paper)
040 ## - CATALOGING SOURCE
Transcribing agency PK-LaUMT
082 00 - DEWEY DECIMAL CLASSIFICATION NUMBER
Classification number 711.4
Edition number 23
Item number URB-
245 00 - TITLE STATEMENT
Title Urban remote sensing /
Statement of responsibility, etc edited by Qihao Weng, Dale Quattrochi and Paolo Gamba
250 ## - EDITION STATEMENT
Edition statement 2nd ed.
260 ## - PUBLICATION, DISTRIBUTION, ETC. (IMPRINT)
Place of publication, distribution, etc Boca Raton :
Name of publisher, distributor, etc CRC Press,
Date of publication, distribution, etc 2018
300 ## - PHYSICAL DESCRIPTION
Extent 315 p.
490 0# - SERIES STATEMENT
Series statement Remote sensing applications series
500 ## - GENERAL NOTE
General note Includes index.
650 #0 - SUBJECT ADDED ENTRY--TOPICAL TERM
Topical term or geographic name as entry element City planning
General subdivision Remote sensing.
650 #0 - SUBJECT ADDED ENTRY--TOPICAL TERM
Topical term or geographic name as entry element Land use, Urban
General subdivision Remote sensing.
650 #0 - SUBJECT ADDED ENTRY--TOPICAL TERM
Topical term or geographic name as entry element Urban geography
General subdivision Remote sensing.
700 1# - ADDED ENTRY--PERSONAL NAME
Personal name Weng, Qihao,
700 1# - ADDED ENTRY--PERSONAL NAME
Personal name Quattrochi, Dale A.,
700 1# - ADDED ENTRY--PERSONAL NAME
Personal name Gamba, Paolo,
942 ## - ADDED ENTRY ELEMENTS (KOHA)
Koha item type Books
Holdings
Withdrawn status Lost status Damaged status Home library Current library Date acquired Full call number Barcode Date last seen Price effective from Koha item type
      UMT Main Campus UMT Main Campus 2020-08-31 711.4 URB- 134699 2020-08-31 2020-08-31 Books